=LDR 00000nam 2200000 4500 =001 INLIS00000000000014 =005 20260702043538 =020 ##$$a 978-623-8356-07-2 =082 ##$$a 012.414 =100 1#$$a Allah, Hamba =245 1 $$a Belajar Ingatkan Diri Agar Selalu Ingat Sama Allah /$c Hamba Allah =300 ##$$a 128 ; 13,5 cm X 20,5 cm